000 00363nam a2200133Ia 4500
008 240624s9999 xx 000 0 und d
041 _aeng
082 _a330.947 ICH
100 _aICHIMURA SHINICHI
245 _aTRANSITION FROM SOCIALIST TO MARKET ECON
260 _c2009
_aLondon
_bPalgrave Macmillan
300 _axiv, : 280 : p. : cm. ; 24
365 _cGBP
_b26
999 _c20680
_d20680